| 000 | 00579nam a2200217 a 4500 | ||
|---|---|---|---|
| 001 | BRCA_6235 | ||
| 005 | 20190320205400.0 | ||
| 008 | 200711s----1919gw-#######---#000-0#ger-# | ||
| 041 | _ager | ||
| 044 | _agw | ||
| 050 | 4 |
_aPQ2349 _b.Y84 1919 |
|
| 100 | 1 |
_aMaupassant, Guy de _d1850-1893. _915661 |
|
| 245 | 1 | 0 |
_aYvette _cGuy de Maupassant; Einleitung von Heinz Tovote. |
| 260 |
_aBerlĂn _bDr. Eysler _c1919 |
||
| 300 |
_a192 p. _c20 cm. |
||
| 500 | _aK94 | ||
| 650 | 1 | 4 |
_aLiteratura francesa _915662 |
| 700 | 1 |
_aTovote, Heinz _eintr. _915663 |
|
| 902 | _aGFM | ||
| 942 |
_2lcc _cB |
||
| 999 |
_c5922 _d5922 |
||